| 000 | 00457nam a2200181Ia 4500 | ||
|---|---|---|---|
| 008 | 220216s9999 xx 000 0 und d | ||
| 100 | _aDe Jonge P | ||
| 245 | 0 | _aInfluence of depth of tapping on yield, growth and bark renewal | |
| 260 |
_bPlanters Bulletin _c1965 |
||
| 300 | _a158-164 | ||
| 650 | _aBark consumption | ||
| 650 | _aBark renewal | ||
| 650 | _aGrowth | ||
| 650 | _aTapping | ||
| 650 | _aYield | ||
| 700 | _aWarriar S M | ||
| 942 | _cJS | ||
| 999 |
_c61211 _d61211 |
||